Responses for Show #6970 - Friday, December 26, 2014

Vaughn Winchell game 1.

Contestants

[<< previous game]

Vaughn Winchell, a stay-at-home dad and graduate student from Columbia, Maryland

Amy Williamson, an English teacher from Hickory, North Carolina

Brian Hamilton, an attorney from Sacramento, California (whose 2-day cash winnings total $45,202)

[next game >>]

Jeopardy! Round responses

ABBREVIATED MAGAZINES
3-LETTER WORDS
FOILED
DOO-WOP
THE LAND OF ...
MILK & HONEY
    $200 14
Reader's Digest

Amy
    $200 8
vow

Brian
    $200 21
paintball

Brian
    $200 26
the Boardwalk

Brian
    $200 1
Alaska

Vaughn
    $200 6
"Got milk?"

Brian
    $400 15
Motor Trend

Brian
    $400 10
sum

Vaughn
    $400 22
the Roman Republic

Brian
    $400 27
don't talk back

Vaughn
    $400 2
Iceland

Vaughn
    $400 7
A & D

Amy
    $600 18
Ladies' Home Journal

Brian
    $600 11
zed

Amy
    $600 23
Mary, Queen of Scots

Amy
    $600 28
the hop

Amy
    $600 3
New Zealand

Brian
    $600 9
clover

Amy
    $800 19
Better Homes and Gardens

Vaughn
    $800 12
roe

Amy
    $2,400 24
(Amy: [Shakes head])
(Alex: Nothing coming?)
(Amy: No.)

Allan Pinkerton

Amy
    $800 29
the Book of Love

Vaughn
    $800 4
Korea

Brian
    $800 16
homogenization

Brian
    $1000 20
Town & Country

Vaughn
    $1000 13
pip

Vaughn
    $1000 25
Pontiac

Brian
    $1000 30
a teenager in love

Amy
    $1000 5
(Amy: What is Mongolia?)

Bhutan

BrianAmy
    $1000 17
avocado

Amy

Scores at the first commercial break (after clue 15):

Brian Amy Vaughn
$3,200 $1,600 $2,000

Scores at the end of the Jeopardy! Round:

Brian Amy Vaughn
$6,400 $2,400 $5,000

Double Jeopardy! Round responses

HOW IT WORKS
AMERICAN LIT
CITY-TITLED MOVIES
THERE'S A J IN THERE SOMEWHERE
LEGION OF HONOR RECIPIENTS
(Alex: Things that are...)
3 DIMENSIONAL
    $400 19
an antenna

Brian
    $400 1
the Beat Movement

Vaughn
    $400 5
Casablanca

Vaughn
    $400 14
a blackjack

Amy
    $400 28
(Jacques) Cousteau

Vaughn
    $400 2
readin', 'ritin', & 'rithmetic

Amy
    $800 29
(Amy: What is a radio?)

a speaker

BrianAmy
    $800 3
(Ralph) Ellison

Amy
    $800 6
Fargo

Vaughn
    $800 15
a joystick

Amy
    $400 27
Dreyfus

Vaughn
    $800 30
Wynken & Blynken

Vaughn
    $1200 26
a microwave oven

Vaughn
    $1200 4
the Hesperus

Triple Stumper
    $1200 7
An American in Paris

Vaughn
    $1200 16
(Brian: What is a judo studio?)
[Initially ruled incorrect; reversed before Daily Double at clue 18]

a dojo

BrianAmy
    $1200 25
Flaubert

Vaughn
    $1200 24
(Amy: What are octaves?)
...
(Alex: The composers Beethoven, Bach, Brahms--the three [*].)

B's

Amy
Triple Stumper
    $1600 22
a cell phone

Brian
    $1600 12
The House of the Seven Gables

Vaughn
    $1600 8
The Purple Rose of Cairo

Vaughn
    $1600 17
enjoin (injunct accepted)

Vaughn
    $1600 11
a stethoscope

Amy
    $1600 23
(Vaughn: What is the Ottoman Empire?)
(Brian: What is Prussia?)

Russia

BrianVaughn
Triple Stumper
    $6,000 20
(Brian: What is parallax?)

refraction

Brian
    $2000 13
Miss Lonelyhearts

Vaughn
    $2000 9
Moscow on the Hudson

Brian
    $2000 18
(Brian: [Struggles] Oh.)

abject

BrianAmy
    $2000 10
Hector Berlioz

Triple Stumper
    $2000 21
(Johannes) Kepler

Vaughn

Scores at the end of the Double Jeopardy! Round:

Brian Amy Vaughn
$2,800 $7,600 $19,000
(lock game)

[wagering suggestions for these scores]

Final Jeopardy! Round responses

AFRICAN FLAGS
(Alex: In the news for a lot of bad reasons.)
BrianWho are the Tutsi & Hutu?
$2,799
AmyWho are the Hutu & Tutsi?
$1,999
VaughnWho are Hutu & Tutsi?
$3,500
the Hutu & the Tutsi

Final scores:

Brian Amy Vaughn
$5,599 $9,599 $22,500
3rd place: $1,000 2nd place: $2,000 New champion: $22,500

Game dynamics:

Coryat scores:

Brian Amy Vaughn
$8,800 $10,000 $19,400
17 R,
3 W
(including 1 DD)
16 R,
4 W
(including 1 DD)
22 R
(including 1 DD),
1 W

Combined Coryat: $38,200

[game clues] [game scores] [suggest correction]

Game tape date: 2014-11-11
The J! Archive is created by fans, for fans. Scraping, republication, monetization, and malicious use prohibited; this site may use cookies and collect identifying information. See terms. The Jeopardy! game show and all elements thereof, including but not limited to copyright and trademark thereto, are the property of Jeopardy Productions, Inc. and are protected under law. This website is not affiliated with, sponsored by, or operated by Jeopardy Productions, Inc. Join the discussion at JBoard.tv.